Score 0/47 Timer 15:00
0 Plays Today
Capital Country % Correct
OsloYAWRON
95.9%
HelsinkiDNALNIF
93.9%
StockholmNEDEWS
93.9%
CopenhagenKRAMNED
93.9%
ReykjavikDNALECI
93.9%
MadridNIAPS
93.9%
ParisECNARF
93.9%
DublinDNALERI
91.8%
LondonMODGNIK DETINU
89.8%
LisbonLAGUTROP
89.8%
Andorra La VellaARRODNA
89.8%
LuxembourgGRUOBMEXUL
89.8%
RomeYLATI
89.8%
MonacoOCANOM
87.8%
BerlinYNAMREG
87.8%
ViennaAIRTSUA
87.8%
BrusselsMUIGLEB
85.7%
WarsawDNALOP
85.7%
KievENIARKU
85.7%
AthensECEERG
85.7%
MoscowAISSUR
85.7%
AmsterdamSDNALREHTEN
83.7%
PragueCILBUPER HCEZC
81.6%
BudapestYRAGNUH
81.6%
Capital Country % Correct
BernDNALREZTIWS
79.6%
RigaAIVTAL
79.6%
BratislavaAIKAVOLS
77.6%
San MarinoONIRAM NAS
77.6%
Vatican CityNACITAV
77.6%
TallinnAINOTSE
77.6%
BucharestAINAMOR
77.6%
VaduzNIETSNETHCEIL
75.5%
LjubljanaAINEVOLS
75.5%
NicosiaSURPYC
75.5%
AnkaraYEKRUT
75.5%
VallettaATLAM
73.5%
MinskSURALEB
73.5%
SofiaAIRAGLUB
73.5%
TiraneAINABLA
71.4%
PristinaOVOSOK
71.4%
BelgradeAIBRES
71.4%
ZagrebAITAORC
71.4%
VilniusAINAUHTIL
69.4%
ChisinauAVODLOM
67.3%
SkopjeAINODECAM
67.3%
PodgoricaORGENETNOM
65.3%
SarajevoANIVOGEZREH DNA AINSOB
65.3%
Remove Ads.
Support Sporcle.
Get the best of Sporcle when you Go Orange. This ad-free experience offers more features, more stats, and more fun while also helping to support Sporcle. Thank you for becoming a member.

You're not logged in!

Compare scores with friends on all Sporcle quizzes.
OR
Log In

Show Comments

Extras

Top Quizzes Today


Score Distribution

Your Account Isn't Verified!

In order to create a playlist on Sporcle, you need to verify the email address you used during registration. Go to your Sporcle Settings to finish the process.

Report this User

Report this user for behavior that violates our Community Guidelines.

Details: